[Event "16th Asian Games Rapid"]
[Site "Guangzhou CHN"]
[Date "2010.11.16"]
[Round "8"]
[White "Odeev, Handszar"]
[Black "Gundavaa, Bayarsaikhan"]
[Result "1/2-1/2"]
[WhiteTitle "GM"]
[WhiteElo "2405"]
[BlackElo "2472"]
[WhiteFideId "14000091"]
[BlackFideId "4901045"]
[EventDate "2010.11.13"]

1. e4 c5 2. Nf3 d6 3. d4 cxd4 4. Nxd4 Nf6 5. Nc3 a6 6. Be3 e5 7. Nf3 Qc7 8. a4
Be7 9. a5 O-O 10. Be2 Nc6 11. Bb6 Qb8 12. Nd5 Nxe4 13. Bc7 Qa7 14. Bb6 Qb8 15.
Bc7 Qa7 16. Bb6 Qb8 1/2-1/2

[Event "16th Asian Games Rapid"]
[Site "Guangzhou CHN"]
[Date "2010.11.16"]
[Round "8"]
[White "Mohammad, Samir"]
[Black "Murshed, Niaz"]
[Result "0-1"]
[WhiteTitle "FM"]
[BlackTitle "GM"]
[WhiteElo "2361"]
[BlackElo "2429"]
[WhiteFideId "7600372"]
[BlackFideId "10200010"]
[EventDate "2010.11.13"]

1. c4 e5 2. Nc3 Nf6 3. Nf3 Nc6 4. g3 d5 5. cxd5 Nxd5 6. Bg2 Nb6 7. O-O Be7 8. a3
O-O 9. b4 Be6 10. Rb1 f6 11. d3 Qd7 12. Ne4 Rab8 13. Bb2 Rfd8 14. Qc2 a6 15.
Rfd1 Nd4 16. Nxd4 exd4 17. Nc5 Bxc5 18. bxc5 Qa4 19. Qd2 Qd7 20. Qc2 Qa4 21. Qd2
Nd7 22. Qb4 Qxb4 23. axb4 Ne5 24. Bc1 Bd5 25. Bf4 c6 26. Rb2 Ra8 27. Ra1 Kf7 28.
h4 Bxg2 29. Kxg2 Ke6 30. Rbb1 Kd5 31. Bd2 Re8 32. Kf1 Rad8 33. Ra2 Rd7 34. f3
Ng6 35. Kf2 Rde7 36. Re1 h5 37. Rc2 Re6 38. Bc1 Ne5 39. Bb2 Nxd3+ 0-1

[Event "16th Asian Games Rapid"]
[Site "Guangzhou CHN"]
[Date "2010.11.16"]
[Round "8"]
[White "Al Qudaimi, Basheer"]
[Black "Mok, Tze-Meng"]
[Result "1-0"]
[WhiteTitle "IM"]
[BlackTitle "IM"]
[WhiteElo "2406"]
[BlackElo "2394"]
[WhiteFideId "9400346"]
[BlackFideId "5700329"]
[EventDate "2010.11.13"]

1. e4 g6 2. d4 Bg7 3. Nf3 c6 4. Nc3 d5 5. Be3 Nf6 6. Bd3 dxe4 7. Nxe4 Nxe4 8.
Bxe4 Nd7 9. Qd2 Nf6 10. Bd3 Bf5 11. O-O-O Bxd3 12. Qxd3 O-O 13. Kb1 Qd5 14. Rhe1
b5 15. Bf4 e6 16. Re5 Qd7 17. Rc5 Rfc8 18. Be5 Qe8 19. Bxf6 Bxf6 20. Nd2 Be7 21.
Re5 Rd8 22. Qe3 Rd5 23. Rxd5 cxd5 24. g4 Rc8 25. f4 Qc6 26. Qd3 Bd6 27. Rf1 Qc7
28. f5 exf5 29. gxf5 Bxh2 30. c3 Rb8 31. a3 a5 32. fxg6 hxg6 33. Qh3 Kg7 34. Nf3
Rh8 35. Qg4 Qf4 36. Qd7 Qe4+ 37. Ka2 Bf4 38. Ne5 Rf8 39. Nc6 g5 40. Ne5 Rh8 41.
Nc6 Rf8 42. Nxa5 Rh8 43. Nc6 Qe6 44. Qb7 Qe2 45. Qd7 Rf8 46. Na5 Qe4 47. Nc6 Rh8
48. Qb7 Qe2 49. Ne5 Rf8 50. Rg1 Qe3 51. Rd1 Qe2 52. Rg1 Qe3 53. Rg2 Bxe5 54.
dxe5 Qxe5 55. Qxb5 Kg6 56. Re2 Qf5 57. Rd2 Rd8 58. Qb6+ Qf6 59. Qc5 Qe6 60. c4
d4 61. Rxd4 Rxd4 62. Qxd4 f5 63. a4 g4 64. a5 g3 65. Qb6 Kf6 66. Qxe6+ Kxe6 67.
a6 g2 68. a7 g1=Q 69. a8=Q Qc5 70. Qe8+ Kf6 71. Qd8+ Ke5 72. Kb3 f4 73. Qg5+ Kd6
74. Qxf4+ Kd7 75. Qf7+ Kc8 76. Qd5 Qb6+ 77. Kc3 Qe3+ 78. Kb4 Qb6+ 79. Qb5 Qf6
80. b3 Qf4 81. Qc6+ Kb8 82. Kb5 Qf5+ 83. Kb6 Qf2+ 84. c5 Qf7 85. Qd6+ Kc8 86.
Qc6+ Kb8 87. b4 Qa7+ 88. Kb5 Qf7 89. Qd6+ Kc8 90. Qe5 Qb7+ 91. Kc4 Qf7+ 1-0

[Event "16th Asian Games Rapid"]
[Site "Guangzhou CHN"]
[Date "2010.11.16"]
[Round "8"]
[White "Lee, Kiyul"]
[Black "Kakageldyev, Amanmurad"]
[Result "0-1"]
[BlackTitle "IM"]
[WhiteElo "1945"]
[BlackElo "2400"]
[WhiteFideId "13200054"]
[BlackFideId "14000024"]
[EventDate "2010.11.13"]

1. e4 g6 2. d4 Bg7 3. Nc3 c6 4. g3 d5 5. Nge2 dxe4 6. Nxe4 Bg4 7. N4c3 Bf3 8.
Rg1 Nf6 9. Qd3 Bg4 10. Bf4 Bf5 11. Qd2 O-O 12. O-O-O b5 13. a3 a5 14. Bg2 b4 15.
Nb1 Qb6 16. h3 Na6 17. g4 Be6 18. Be5 Rfd8 19. g5 Nd5 20. Bxg7 Kxg7 21. Bxd5
Bxd5 22. Nf4 Ba2 23. a4 e5 24. Nd3 Qxd4 25. Rg4 e4 26. f3 e3 27. Qe2 Qa7 28. Re1
Re8 29. h4 Nc5 30. b3 Rad8 31. Kb2 Bxb1 32. Kxb1 Nxd3 33. cxd3 Qd7 34. Rd1 Qd5
35. Kc2 Re5 36. Rc4 0-1

[Event "16th Asian Games Rapid"]
[Site "Guangzhou CHN"]
[Date "2010.11.16"]
[Round "8"]
[White "Tologontegin, Semetey"]
[Black "Kojima, Shinya"]
[Result "0-1"]
[WhiteTitle "FM"]
[BlackTitle "FM"]
[WhiteElo "2330"]
[BlackElo "2329"]
[WhiteFideId "13800574"]
[BlackFideId "7000812"]
[EventDate "2010.11.13"]

1. d4 d5 2. c4 c6 3. Nf3 Nf6 4. Qb3 dxc4 5. Qxc4 Bg4 6. Nc3 Nbd7 7. e4 Bxf3 8.
gxf3 e5 9. Be3 exd4 10. Bxd4 Bd6 11. O-O-O Qc7 12. Bh3 O-O 13. Rhg1 Ne5 14. Qe2
Nh5 15. Bf5 Rad8 16. Kb1 g6 17. Be3 Nd7 18. Qc4 Nb6 19. Qb3 Be5 20. Bg4 Nf4 21.
h4 Rxd1+ 22. Rxd1 Rd8 23. Rxd8+ Qxd8 24. Bxf4 Bxf4 25. h5 Qd2 26. a4 Qxf2 27.
hxg6 hxg6 28. a5 Qf1+ 29. Ka2 Qa6 30. Kb1 Qf1+ 31. Ka2 Qa6 32. Qb4 Nc4 33. Qe7
Qxa5+ 34. Kb3 Nd6 35. Kc2 Qa1 36. Qd8+ Kg7 37. Ne2 Be5 38. Nc3 Nc4 39. Nd1 Nxb2
40. Nxb2 Qxb2+ 41. Kd1 Bf4 42. Qd3 a5 43. Ke1 a4 44. Qd7 a3 45. Be6 Bg3+ 46. Kd1
Qf6 47. Ba2 Qxf3+ 48. Kc2 Qe2+ 49. Qd2 Qxe4+ 50. Kb3 Be1 51. Qd6 Qe3+ 52. Kc2
Qc3+ 53. Kd1 Qa1+ 54. Ke2 Qxa2+ 55. Kf3 0-1

[Event "16th Asian Games Rapid"]
[Site "Guangzhou CHN"]
[Date "2010.11.16"]
[Round "8"]
[White "Nepali, Badrilal"]
[Black "Lee, Sanghoon"]
[Result "1-0"]
[BlackTitle "CM"]
[WhiteElo "2102"]
[BlackElo "2132"]
[WhiteFideId "12300020"]
[BlackFideId "13200011"]
[EventDate "2010.11.13"]

1. e4 c5 2. Nf3 Nc6 3. d4 cxd4 4. Nxd4 g6 5. Nc3 Bg7 6. Be3 Nf6 7. Nxc6 bxc6 8.
e5 Ng8 9. f4 Nh6 10. Qd2 O-O 11. Be2 d5 12. h3 Nf5 13. Bf2 d4 14. Ne4 Qb6 15. b3
a5 16. O-O Ne3 17. Rfe1 Bh6 18. g3 Bxh3 19. c3 Bf5 20. Bf3 Rfd8 21. cxd4 Nd5 22.
Rac1 a4 23. Nc5 axb3 24. axb3 Rdb8 25. Ra1 Bc8 26. Ra4 Rxa4 27. bxa4 Bf8 28. Rc1
e6 29. Ne4 Bd7 30. a5 Qa7 31. Ra1 Bb4 32. Qc2 Rb5 33. a6 Rb6 34. Be2 Bc8 35. Nc5
Rb8 36. Ne4 Rb6 37. Bf3 Bd7 38. Be2 Bc8 39. Nc5 Rb8 40. Ne4 Rb6 41. Qc4 Be7 42.
Kg2 Bd7 43. Nd6 Bxd6 44. exd6 Rb2 45. Ra2 Rxa2 46. Qxa2 Nc3 47. Qb2 Nb5 48. Bxb5
cxb5 49. Qa3 Bc6+ 50. Kg1 b4 51. Qa5 Bd5 1-0

[Event "16th Asian Games Rapid"]
[Site "Guangzhou CHN"]
[Date "2010.11.16"]
[Round "8"]
[White "Ahmed, Abdul Sattar"]
[Black "Alshoha, Basel"]
[Result "1-0"]
[WhiteTitle "FM"]
[WhiteElo "2309"]
[BlackElo "2106"]
[WhiteFideId "4801849"]
[BlackFideId "8101914"]
[EventDate "2010.11.13"]

1. e4 c5 2. Nf3 g6 3. d4 cxd4 4. Nxd4 Bg7 5. c4 Nc6 6. Be3 Nf6 7. Nc3 O-O 8. Be2
d6 9. O-O Bd7 10. Rc1 Nxd4 11. Bxd4 Bc6 12. f4 a5 13. Bf3 Nd7 14. Bxg7 Kxg7 15.
Qd4+ Kg8 16. e5 dxe5 17. fxe5 Bxf3 18. Rxf3 Qb6 19. Qxb6 Nxb6 20. Nd5 Nxd5 21.
cxd5 Rac8 22. Rfc3 Rxc3 23. Rxc3 Rd8 24. Rc5 b6 25. Rb5 Kg7 26. Kf2 f6 27. e6
Rd6 28. Ke3 f5 29. Kd4 Kf6 30. Rb3 h5 31. Rc3 g5 32. Rc8 Kg7 33. Ke5 f4 34. Re8 1-0

[Event "16th Asian Games Rapid"]
[Site "Guangzhou CHN"]
[Date "2010.11.16"]
[Round "8"]
[White "Yamada, Kohei"]
[Black "Modallal, Tarek"]
[Result "1-0"]
[WhiteElo "2091"]
[BlackElo "2028"]
[WhiteFideId "7000936"]
[BlackFideId "5300630"]
[EventDate "2010.11.13"]

1. e4 d5 2. exd5 Nf6 3. Bb5+ Nbd7 4. Nf3 a6 5. Be2 Nxd5 6. d4 e6 7. O-O Be7 8.
c4 N5f6 9. Nc3 b6 10. Bf4 O-O 11. Qc2 Bb7 12. Rad1 Nh5 13. Be3 f5 14. d5 e5 15.
b3 Qe8 16. Bg5 Bd6 17. Rfe1 h6 18. Bc1 Bc8 19. Nh4 e4 20. Bf1 Ne5 21. f4 exf3
22. Nxf3 Nxf3+ 23. gxf3 Qg6+ 24. Kh1 Bd7 25. Re2 Rae8 26. Rg2 Qf6 27. Ne2 f4 28.
Bb2 Be5 29. Ba3 Rf7 30. Ng1 Bf5 31. Bd3 Bxd3 32. Qxd3 Bd4 33. Ne2 Be3 34. Rg4
Qf5 35. Qxf5 Rxf5 36. Bb2 Nf6 37. Rg2 Kf7 38. Nd4 Bxd4 39. Bxd4 g5 40. h3 Nd7
41. Rgd2 Ne5 42. Kg2 Ng6 43. Bf2 Rfe5 44. d6 c5 45. d7 Rd8 46. b4 Nf8 47. bxc5
bxc5 48. Kf1 Ke7 49. Re2 Rxe2 50. Bxc5+ Ke6 51. Kxe2 Nxd7 52. Ba3 Rc8 53. Rd6+
Kf5 54. Rxd7 Rxc4 55. Rd5+ Ke6 1-0

[Event "16th Asian Games Rapid"]
[Site "Guangzhou CHN"]
[Date "2010.11.16"]
[Round "8"]
[White "Mohamed, Hassan"]
[Black "Malkawi, Fadi"]
[Result "0-1"]
[BlackTitle "FM"]
[WhiteElo "1780"]
[BlackElo "2089"]
[WhiteFideId "16700058"]
[BlackFideId "8100420"]
[EventDate "2010.11.13"]

1. e4 c5 2. Nf3 g6 3. Bc4 Bg7 4. O-O Nc6 5. c3 d6 6. d3 Nf6 7. Re1 O-O 8. d4
cxd4 9. cxd4 Bg4 10. Nbd2 Nxd4 11. h3 Bxf3 12. Nxf3 Nxf3+ 13. Qxf3 Rc8 14. Bb3
Nd7 15. h4 Ne5 16. Qg3 Nc4 17. h5 Qa5 18. Rf1 Qxh5 19. Bxc4 Rxc4 20. Qb3 Rxe4
21. g3 Be5 22. Qxb7 Qf3 23. Bf4 Rxf4 24. Qxe7 Rg4 25. Qxe5 dxe5 26. Rfe1 Rd8 27.
Rac1 Rd2 0-1

[Event "16th Asian Games Rapid"]
[Site "Guangzhou CHN"]
[Date "2010.11.16"]
[Round "9"]
[White "Kasimdzhanov, Rustam"]
[Black "Sadvakasov, Darmen"]
[Result "1/2-1/2"]
[WhiteTitle "GM"]
[BlackTitle "GM"]
[WhiteElo "2685"]
[BlackElo "2627"]
[WhiteFideId "14200244"]
[BlackFideId "13700464"]
[EventDate "2010.11.13"]

1. d4 e6 2. c4 c5 3. e3 Nf6 4. Nc3 cxd4 5. exd4 Bb4 6. Ne2 d5 7. a3 Bxc3+ 8.
Nxc3 Nc6 9. c5 b6 10. b4 bxc5 11. dxc5 O-O 12. Bg5 h6 13. Bh4 d4 14. Ne4 g5 15.
Nxf6+ Qxf6 16. Bg3 e5 17. Bd3 e4 18. Bxe4 Qe6 19. Qe2 Ba6 20. Qxa6 Qxe4+ 21. Kd2
Qxg2 22. Rhg1 Qd5 23. b5 Qf3 24. Rac1 Ne7 25. Qxh6 Rfe8 26. Be5 Qxf2+ 27. Kd3
Qf3+ 28. Kc4 Qe2+ 29. Kb3 1/2-1/2

[Event "16th Asian Games Rapid"]
[Site "Guangzhou CHN"]
[Date "2010.11.16"]
[Round "9"]
[White "Megaranto, Susanto"]
[Black "Le, Quang Liem"]
[Result "0-1"]
[WhiteTitle "GM"]
[BlackTitle "GM"]
[WhiteElo "2528"]
[BlackElo "2689"]
[WhiteFideId "7101384"]
[BlackFideId "12401137"]
[EventDate "2010.11.13"]

1. e4 c5 2. Nf3 d6 3. d4 cxd4 4. Nxd4 Nf6 5. Nc3 a6 6. Bg5 e6 7. f4 h6 8. Bh4
Nbd7 9. Qf3 Qc7 10. O-O-O Be7 11. Bxf6 Nxf6 12. g4 b5 13. Bg2 Bb7 14. g5 hxg5
15. fxg5 Nd7 16. g6 Bg5+ 17. Kb1 Ne5 18. gxf7+ Qxf7 19. Qe2 Ke7 20. Rhf1 Qh5 21.
Qf2 Bf6 22. Nxe6 Kxe6 23. Qb6 Bc6 24. h4 Qg4 25. Bf3 Qxh4 26. Rh1 Qg5 27. Rhg1
Qh6 28. Bg4+ Kf7 29. Qc7+ Be7 30. Rdf1+ Ke8 31. Nd5 Bd8 32. Bh5+ Qxh5 33. Qxd6
Bxd5 34. exd5 Ra7 35. Qe6+ Re7 36. Qc8 Qh6 37. b3 Qd6 38. Rd1 Rc7 39. Qf5 Bf6
40. Rge1 Kd8 41. Re2 Rc5 42. Qe4 Rh4 43. Qg2 Rc3 44. Qf2 Qc5 45. Qf5 Rd4 46. Rh1
Qxd5 0-1

[Event "16th Asian Games Rapid"]
[Site "Guangzhou CHN"]
[Date "2010.11.16"]
[Round "9"]
[White "Kazhgaleyev, Murtas"]
[Black "Ganguly, Surya Shekhar"]
[Result "1-0"]
[WhiteTitle "GM"]
[BlackTitle "GM"]
[WhiteElo "2623"]
[BlackElo "2644"]
[WhiteFideId "13700316"]
[BlackFideId "5002150"]
[EventDate "2010.11.13"]

1. d4 Nf6 2. c4 g6 3. Nc3 d5 4. Bg5 Ne4 5. Bh4 c5 6. cxd5 Nxc3 7. bxc3 Qxd5 8.
e3 Bg7 9. Nf3 cxd4 10. cxd4 Nc6 11. Be2 b6 12. O-O Bb7 13. Qb3 e6 14. Qa3 Bf8
15. Qa4 Bg7 16. Qa3 Bf8 17. Qa4 Bg7 18. Bc4 Qa5 19. Qc2 Rc8 20. Rab1 O-O 21. Qe2
a6 22. Rfd1 b5 23. Bb3 Qb6 24. a3 Rfe8 25. h3 Na5 26. Ba2 Be4 27. Rb2 Qd6 28.
Ng5 Bd5 29. e4 Bxa2 30. Rxa2 h6 31. e5 Qe7 32. Nf3 Qb7 33. Nd2 g5 34. Bg3 Qe7
35. Ne4 Nc4 36. Qh5 Qb7 37. Re2 Nb2 38. Rb1 Nd3 39. Nd6 Qa7 40. Nxe8 Rxe8 41.
Rd1 Nf4 42. Bxf4 gxf4 43. d5 exd5 44. Rxd5 Qc7 45. Re1 Qc3 46. Red1 Qxa3 47. Qf5
Qb3 48. Rd8 Rf8 49. Rxf8+ Bxf8 50. Rd8 Qb4 51. Kh2 Qe7 52. Ra8 Qb7 53. Qg4+ 1-0

[Event "16th Asian Games Rapid"]
[Site "Guangzhou CHN"]
[Date "2010.11.16"]
[Round "9"]
[White "Nguyen, Ngoc Truong Son"]
[Black "Al-Modiahki, Mohamad"]
[Result "1-0"]
[WhiteTitle "GM"]
[BlackTitle "GM"]
[WhiteElo "2628"]
[BlackElo "2562"]
[WhiteFideId "12401110"]
[BlackFideId "12100030"]
[EventDate "2010.11.13"]

1. Nf3 Nf6 2. c4 g6 3. g3 Bg7 4. Bg2 O-O 5. O-O d6 6. Nc3 a6 7. d4 Nc6 8. Nd5
Bg4 9. Nxf6+ Bxf6 10. Be3 Qd7 11. Rc1 e5 12. dxe5 Nxe5 13. Nxe5 Bxe5 14. c5 c6
15. cxd6 Qxd6 16. Qxd6 Bxd6 17. Rfd1 Be5 18. Rd2 Rfd8 19. Rcd1 Rxd2 20. Rxd2 Bc7
21. Rd4 Bxe2 22. Bg5 Re8 23. h3 Kg7 24. Rd7 Be5 25. Rxb7 Bb5 26. b3 Bd4 27. Be7
a5 28. a4 Ba6 29. Rc7 Be5 30. Bxc6 Bd4 31. Bg2 Be5 32. Bc6 Bxc7 33. Bxe8 Be5 34.
b4 axb4 35. Bxb4 f5 36. Bc5 Bc3 37. Bb5 Bb7 38. Bb6 Kf6 39. a5 Ke6 40. a6 Ba8
41. Bf1 Kd7 42. Bg2 Bxg2 43. Kxg2 Kc6 44. Be3 Be5 45. Kf3 h5 46. h4 Bd6 47. Ke2
Be5 48. Kd3 Bf6 49. f4 Bd8 50. a7 Kb7 51. Kc4 Ba5 52. Bf2 1-0

[Event "16th Asian Games Rapid"]
[Site "Guangzhou CHN"]
[Date "2010.11.16"]
[Round "9"]
[White "Salem, A.R. Saleh"]
[Black "Antonio, Rogelio Jr"]
[Result "0-1"]
[WhiteTitle "GM"]
[BlackTitle "GM"]
[WhiteElo "2518"]
[BlackElo "2573"]
[WhiteFideId "9301348"]
[BlackFideId "5200032"]
[EventDate "2010.11.13"]

1. d4 Nf6 2. c4 e6 3. Nc3 Bb4 4. e3 c5 5. Bd3 d5 6. Nf3 cxd4 7. exd4 dxc4 8.
Bxc4 O-O 9. O-O Nbd7 10. Qe2 Bxc3 11. bxc3 Qc7 12. Bd3 b6 13. c4 Bb7 14. Re1
Rfe8 15. Bb2 Nf8 16. Ne5 Ng6 17. Qe3 Rad8 18. Rad1 Nxe5 19. dxe5 Nd7 20. Qf4 Nc5
21. Bc2 Qc6 22. f3 h6 23. Rd6 Rxd6 24. exd6 Nd7 25. Bh7+ Kxh7 26. Qxf7 e5 27.
Qxe8 Qc5+ 28. Kf1 Qxc4+ 29. Kf2 Qh4+ 30. Ke2 Ba6+ 31. Kd1 Qa4+ 32. Kc1 Bd3 33.
Kd2 Qc2+ 34. Ke3 Qxb2 35. Kxd3 Nc5+ 36. Ke3 Qd4+ 37. Ke2 Qd3+ 38. Kf2 Qd2+ 39.
Re2 Nd3+ 40. Kg3 Qg5+ 0-1

[Event "16th Asian Games Rapid"]
[Site "Guangzhou CHN"]
[Date "2010.11.16"]
[Round "9"]
[White "Al-Sayed, Mohammed"]
[Black "Odeev, Handszar"]
[Result "1-0"]
[WhiteTitle "GM"]
[BlackTitle "GM"]
[WhiteElo "2502"]
[BlackElo "2405"]
[WhiteFideId "12100196"]
[BlackFideId "14000091"]
[EventDate "2010.11.13"]

1. d4 Nf6 2. c4 g6 3. Nc3 d5 4. Bg5 Ne4 5. Bh4 Nxc3 6. bxc3 Bg7 7. e3 c5 8. Nf3
Nc6 9. Rc1 O-O 10. cxd5 Qxd5 11. Qb3 Qh5 12. Be2 cxd4 13. cxd4 Qa5+ 14. Qc3
Qxc3+ 15. Rxc3 e5 16. dxe5 Nxe5 17. Rc5 Nxf3+ 18. Bxf3 Be6 19. O-O Rac8 20. Ra5
Bc4 21. Rd1 Ba6 22. h3 Rc4 23. Bg3 Bc3 24. Rad5 Ra4 25. Rd7 Bc4 26. Rxb7 Bxa2
27. Bd5 a5 28. Bxa2 Rxa2 29. Rdd7 Rd2 30. Rdc7 Bb4 31. Bf4 Bd6 32. Bxd6 Rxd6 33.
Ra7 Rd5 34. g4 h5 35. Kg2 hxg4 36. hxg4 Re5 37. Kg3 Kg7 38. Kf4 Rb5 39. Re7 g5+
40. Kg3 Rc5 41. f4 gxf4+ 42. exf4 Rc3+ 43. Kf2 Ra3 44. g5 Kg6 45. Ra6+ Kh5 46.
Rf6 Kg4 47. g6 Rf3+ 48. Ke2 Rb8 49. g7 Rxf4 50. Rxf4+ Kxf4 51. Rxf7+ Ke4 52. Rf8
Rb2+ 53. Kf1 Rb1+ 54. Ke2 1-0

[Event "16th Asian Games Rapid"]
[Site "Guangzhou CHN"]
[Date "2010.11.16"]
[Round "9"]
[White "Ghaem Maghami, Ehsan"]
[Black "Al-Zendani, Zendan"]
[Result "1-0"]
[WhiteTitle "GM"]
[BlackTitle "IM"]
[WhiteElo "2593"]
[BlackElo "2398"]
[WhiteFideId "12500739"]
[BlackFideId "9400249"]
[EventDate "2010.11.13"]

1. c4 Nf6 2. Nc3 e5 3. Nf3 Nc6 4. d4 exd4 5. Nxd4 Bb4 6. Bg5 Bxc3+ 7. bxc3 d6 8.
Nb5 Be6 9. e4 a6 10. Nd4 h6 11. Bxf6 Qxf6 12. Rb1 Nd8 13. Bd3 O-O 14. O-O Bd7
15. f4 Rb8 16. Qd2 Ne6 17. Bc2 Nc5 18. Rbe1 Rbe8 19. Nb3 Nxb3 20. axb3 Bc6 21.
Qd3 g6 22. Qd4 Qxd4+ 23. cxd4 a5 24. h4 Kg7 25. Kf2 f6 26. Re3 g5 27. g3 b6 28.
Rfe1 Re7 29. Bd1 Rb8 30. Bf3 Ba8 31. d5 Rf8 32. Bg4 Bb7 33. Be6 Bc8 34. f5 Bb7
35. Rh1 Rh8 36. Ree1 Ree8 37. Ke3 Ra8 38. Ra1 Rhd8 39. Rh2 Rh8 40. Kd4 Rhd8 41.
Rha2 Rab8 42. Kc3 Ra8 43. Ra3 Kf8 44. R3a2 Kg7 45. b4 axb4+ 46. Kxb4 Rab8 47.
Ra7 Kf8 48. Rh1 Kg7 49. Kb5 Kf8 50. hxg5 hxg5 51. Rh8+ 1-0

[Event "16th Asian Games Rapid"]
[Site "Guangzhou CHN"]
[Date "2010.11.16"]
[Round "9"]
[White "Gundavaa, Bayarsaikhan"]
[Black "Shrestha, Bilam Lal"]
[Result "1-0"]
[WhiteElo "2472"]
[BlackElo "2138"]
[WhiteFideId "4901045"]
[BlackFideId "12300047"]
[EventDate "2010.11.13"]

1. d4 d6 2. c4 Nf6 3. Nf3 g6 4. Nc3 Bg7 5. e4 O-O 6. h3 Nbd7 7. Bd3 e5 8. d5 Re8
9. g4 Nc5 10. Bc2 a5 11. Bg5 Bd7 12. Qd2 Rb8 13. Be3 b5 14. Bxc5 dxc5 15. cxb5
Bxb5 16. Qe3 Bd7 17. O-O-O c4 18. Nd2 Qe7 19. a3 Rb7 20. Nxc4 Reb8 21. Rd2 Ne8
22. Bd1 Nd6 23. Nxa5 Rb6 24. h4 Ra8 25. Qc5 Bb5 26. Nc6 Qf6 27. g5 Qf4 28. Qe3
Bxc6 29. dxc6 Nc4 30. Qxf4 exf4 31. Rc2 Bf8 32. Be2 Nxb2 33. h5 Bxa3 34. Kd2
Rd8+ 35. Nd5 Be7 36. hxg6 hxg6 37. Ke1 Bxg5 38. Nxb6 f3 39. Rxb2 1-0

[Event "16th Asian Games Rapid"]
[Site "Guangzhou CHN"]
[Date "2010.11.16"]
[Round "9"]
[White "Kakageldyev, Amanmurad"]
[Black "Murshed, Niaz"]
[Result "0-1"]
[WhiteTitle "IM"]
[BlackTitle "GM"]
[WhiteElo "2400"]
[BlackElo "2429"]
[WhiteFideId "14000024"]
[BlackFideId "10200010"]
[EventDate "2010.11.13"]

1. d4 f5 2. Nf3 Nf6 3. c4 g6 4. g3 Bg7 5. Bg2 O-O 6. O-O d6 7. Nc3 Qe8 8. d5 a5
9. Qc2 Na6 10. a3 Nc5 11. Be3 a4 12. Nb5 Qd8 13. Rad1 Bd7 14. Nfd4 Qc8 15. Qc1
Rf7 16. Bh6 Bh8 17. Qc2 Ng4 18. Bg5 c6 19. Nc3 Ne5 20. Na2 cxd5 21. Bxd5 e6 22.
Bg2 Nb3 23. Bd5 Nc5 24. Bg2 Nb3 25. e3 Qxc4 26. Qb1 d5 27. Nb4 Nxd4 28. Rxd4 Qb5
29. Rdd1 Qb6 30. Rc1 Nc4 31. Rc2 Bc6 32. Rd1 Re8 33. h3 Bg7 34. Bf4 h6 35. h4
Kh7 36. Qc1 Na5 37. Qd2 Rd7 38. g4 fxg4 39. h5 g5 40. Qd3+ Kh8 41. Bg3 Qd8 42.
Qg6 Qe7 43. Nd3 Qf7 44. Ne5 Qxg6 45. hxg6 Bxe5 46. Bxe5+ Kg8 47. Bf1 Red8 48.
Kg2 Nc4 49. Bg3 b5 50. Kg1 Na5 51. Be5 Nc4 52. Bg3 Kg7 53. Bd3 Rf8 54. Re2 h5
55. Rc1 h4 56. Bh2 Re8 57. Rec2 e5 58. Bf5 Rd6 59. Rd1 Bd7 60. Bd3 Bc6 61. Bxc4
bxc4 62. Rxc4 Kxg6 63. Rxg4 Kh5 64. Rb4 Bd7 65. Rc1 Rf6 66. Rc7 Bf5 67. Rxa4 Be4
68. Rc1 Ref8 69. Rf1 Rf5 70. Ra7 Bd3 71. Rd1 Bc4 72. Rd2 Kg4 73. Rc7 e4 74. a4
Kh3 75. Rh7 Rf3 76. b4 g4 77. Bg3 Rxg3+ 78. fxg3 Rf1# 0-1

[Event "16th Asian Games Rapid"]
[Site "Guangzhou CHN"]
[Date "2010.11.16"]
[Round "9"]
[White "Kojima, Shinya"]
[Black "Nepali, Badrilal"]
[Result "1-0"]
[WhiteTitle "FM"]
[WhiteElo "2329"]
[BlackElo "2102"]
[WhiteFideId "7000812"]
[BlackFideId "12300020"]
[EventDate "2010.11.13"]

1. e4 c5 2. c3 d5 3. exd5 Qxd5 4. d4 Nf6 5. Nf3 Bg4 6. Nbd2 e6 7. Bc4 Qd6 8.
Qa4+ Nbd7 9. Bb5 Bxf3 10. Nxf3 cxd4 11. O-O a6 12. Rd1 Rd8 13. Be2 b5 14. Qc2
Qc7 15. Nxd4 Bd6 16. g3 O-O 17. a4 bxa4 18. Bxa6 Nc5 19. Bf1 Be7 20. Bg2 Nd5 21.
Bd2 Qb6 22. c4 Nb3 23. Nxb3 axb3 24. Qe4 Nb4 25. Bc3 Nc2 26. Rab1 Bc5 27. Qe2
Rxd1+ 28. Rxd1 Rd8 29. Rxd8+ Qxd8 30. h4 Nd4 31. Qe5 Qb6 32. h5 f6 33. Qe1 Qd6
34. Qd2 Qe5 35. Kf1 Kf7 36. h6 g5 37. Qd3 f5 38. Bf3 Kg6 39. Bd1 Kxh6 40. Bxb3
Kg6 41. Bd1 Kf7 42. Bf3 Kg6 43. Bd1 Kh6 44. Bb3 Kg6 45. Bd1 Qd6 46. b4 Ba7 47.
c5 Qd5 48. Qxd4 1-0

[Event "16th Asian Games Rapid"]
[Site "Guangzhou CHN"]
[Date "2010.11.16"]
[Round "9"]
[White "Mohammad, Samir"]
[Black "Shukuraliev, Algis"]
[Result "1-0"]
[WhiteTitle "FM"]
[WhiteElo "2361"]
[BlackElo "2376"]
[WhiteFideId "7600372"]
[BlackFideId "13800426"]
[EventDate "2010.11.13"]

1. d4 Nf6 2. c4 g6 3. Nc3 Bg7 4. e4 d6 5. f3 O-O 6. Bg5 c5 7. d5 e6 8. Qd2 exd5
9. cxd5 a6 10. a4 Nbd7 11. Nh3 h6 12. Be3 Kh7 13. Nf2 Ng8 14. Be2 Rb8 15. O-O f5
16. exf5 gxf5 17. f4 Ndf6 18. Bd3 Kh8 19. Qc2 Ne7 20. Bc4 b5 21. axb5 axb5 22.
Nxb5 Nfxd5 23. Bd2 Nb6 24. Be2 Be6 25. Bc3 Nbd5 26. Bxg7+ Kxg7 27. Qd2 Rb6 28.
Nd1 Nf6 29. Ra7 Rf7 30. Ndc3 d5 31. b4 cxb4 32. Na4 Nc6 33. Rxf7+ Kxf7 34. Nxb6
Qxb6+ 35. Kh1 Ne4 36. Qe1 Ne7 37. Bd3 Qc5 38. Qe2 Ng6 39. g3 Bd7 40. Kg2 Ne7 41.
Rd1 Ng8 42. Bxe4 fxe4 43. Qh5+ Kg7 44. Qxd5 Qxd5 45. Rxd5 Nf6 46. Rc5 b3 47. Nc3
Kf7 48. Rc7 Kg6 49. Rb7 Be6 50. Rb6 Kf5 51. Ne2 Bd5 52. Nd4+ Kg6 53. Kf2 Kf7 54.
h3 Bc4 55. Nxb3 e3+ 56. Ke1 Nd5 57. Rb7+ Kf6 58. Nd4 h5 59. Rh7 Kg6 60. Rh8 Nf6
61. Rc8 Ba6 62. Rc6 Bb7 63. Re6 Bc8 64. f5+ Kf7 65. Rxe3 Nd5 66. Re5 Nf6 67. Kf2
Bb7 68. Nb5 Bc6 69. Nd4 Bb7 70. Nb5 Bc6 71. Nd6+ Kg7 72. Re7+ Kg8 73. Re6 Kg7
74. Ke3 Bg2 75. h4 Nd5+ 76. Kd4 Bf3 77. Ke5 Nb4 78. f6+ Kh7 79. Re7+ Kg8 80.
Re8+ 1-0

[Event "16th Asian Games Rapid"]
[Site "Guangzhou CHN"]
[Date "2010.11.16"]
[Round "9"]
[White "Mok, Tze-Meng"]
[Black "Ahmed, Abdul Sattar"]
[Result "0-1"]
[WhiteTitle "IM"]
[BlackTitle "FM"]
[WhiteElo "2394"]
[BlackElo "2309"]
[WhiteFideId "5700329"]
[BlackFideId "4801849"]
[EventDate "2010.11.13"]

1. e4 c5 2. Nf3 e6 3. g3 d5 4. exd5 exd5 5. d4 Nf6 6. Bg2 Nc6 7. O-O Be7 8. dxc5
O-O 9. Nbd2 Bxc5 10. Nb3 Bb6 11. c3 Bg4 12. h3 Be6 13. Nbd4 Qd7 14. Kh2 Ne4 15.
Be3 Bc7 16. Nd2 Nxd2 17. Qxd2 Rad8 18. Rad1 a6 19. Rfe1 Rfe8 20. Bg5 f6 21. Nxe6
Rxe6 22. Bxd5 Qxd5 23. Rxe6 Qxe6 0-1